| 000 | 00457nam a2200145 a 4500 | ||
|---|---|---|---|
| 001 | 000041861 | ||
| 005 | 20201002035809.0 | ||
| 008 | 131018s1970 sp 000 0 spa d | ||
| 040 |
_aDO-SdBNP _bspa _cBNPHU |
||
| 082 |
_axxxx _bxxxx |
||
| 100 | 1 |
_aSchnitzler, Theodor _968746 |
|
| 245 | 1 | 4 |
_aLos caƱones y los nuevos prefacios de la misa : _bcomentario y reflexiones / _cTheodor Schnitzler. |
| 260 |
_aBarcelona : _bHerder, _c1970. |
||
| 300 |
_a307 p. ; _c20 cm. |
||
| 999 |
_c41350 _d41350 |
||